La transcendance del l'ego: esquisse d'une description phénoménologique
שמור ב:
| מחבר ראשי: | |
|---|---|
| פורמט: | ספר |
| שפה: | צרפתית |
| יצא לאור: |
París
J. Vrin
1966
|
| סדרה: | Bibliothèque des Textes Philosophiques
|
| נושאים: | |
| תגים: |
הוספת תג
אין תגיות, היה/י הראשונ/ה לתייג את הרשומה!
|
MARC
| LEADER | 00000nam a2200000 a 4500 | ||
|---|---|---|---|
| 001 | UCZ4250 | ||
| 003 | CL-VaPUC | ||
| 008 | 951106e19660000FR |||||||||||||||||fre|d | ||
| 082 | 0 | 4 | |a 142.7 |b SAR |2 21 |
| 100 | 0 | |a Sartre, Jean-Paul |e author |9 269377 | |
| 245 | 1 | 3 | |a La transcendance del l'ego: esquisse d'une description phénoménologique |
| 300 | |a 134 p | ||
| 942 | |c BK | ||
| 945 | |d 19951106 00:00:00 |a cmena | ||
| 260 | |a París |b J. Vrin |c 1966 | ||
| 650 | 0 | |a Fenomenología |9 256519 | |
| 650 | 0 | |a Ego |9 310449 | |
| 650 | 0 | |a Conciencia |9 309452 | |
| 650 | 0 | |a Emociones |9 265224 | |
| 650 | 0 | |a Filosofía francesa |9 255698 | |
| 583 | |a last modification |c 19951106 00:00:00 |k Rodrigo Vera | ||
| 490 | 0 | |a Bibliothèque des Textes Philosophiques | |
| 999 | |c 240665 |d 240663 | ||
| 952 | |0 0 |1 0 |4 0 |6 142_700000000000000_SAR_1966 |7 0 |8 P |9 252649 |a BIBEDU |b BIBEDU |c BIBEDU_PB |d 2019-11-18 |i 159446K |o 142.7 SAR 1966 |p 159446K |r 2024-01-25 |w 2019-11-18 |y BK |k FIL | ||